000
00337 a2200157 4500
001
59763
020
_a
3505120995
040
_c
Anchieta - Pituba
100
_a
Caspari, Tina
240
1
0
_a
Bille & zottel
_l
por
245
1
0
_a
Bille & zottel
300
_a
381
362
0
_a
2004
650
4
_a
Literatura juvenil em alemão
942
_c
BK
999
_c
59763
_d
59763